Slovenská republika v číslach 1992

Uložené v:
Podrobná bibliografia
Médium: Kniha
Jazyk:Slovak
Vydavateľské údaje: Bratislava Štatistický úrad SR [1993]
Predmet:
Tagy: Pridať tag
Žiadne tagy, Buďte prvý, kto otaguje tento záznam!

MARC

LEADER 00000nam a2200000 4500
001 c002534
005 20251212084559.1
041 0 |a slo 
044 |a SK 
245 1 0 |a Slovenská republika v číslach 1992 
264 1 |a Bratislava  |b Štatistický úrad SR  |c [1993] 
300 |a 34 s. 
610 2 0 |a Slovensko 
610 2 0 |a obyvateľstvo 
610 2 0 |a zdravotníctvo 
610 2 0 |a školstvo 
610 2 0 |a príjmy rozpočtu štátneho 
610 2 0 |a výdavky rozpočtu štátneho 
610 2 0 |a hospodárstvo bytové 
610 2 0 |a hospodárstvo domáce